000 01913cam a22004094a 4500
999 _c332469
_d332469
001 12435275
003 NUST
005 20180125092920.0
008 010608s2002 nyua be 001 0 eng
010 _a 2001026911
020 _a0471354503 (set : cloth : alk. paper)
020 _a0471360465 (v. 1 : alk. paper)
020 _a0471360473 (v. 2 : alk. paper)
020 _a0471360481 (v. 3 : alk. paper)
020 _a047136049X (v. 4 : alk. paper)
020 _a0471360503 (v. 5 : alk. paper)
020 _a0471360511 (v. 6 : alk. paper)
040 _aDLC
_cDLC
_dDLC
042 _apcc
050 0 0 _aQR100
_b.B58 2002
082 0 0 _a579.1703 BIT
_221
100 1 _aBitton, Gabriel.
_95831
245 1 0 _aEncyclopedia of environmental microbiology (Vol-1-6)
_cGabriel Bitton.
246 3 0 _aEnvironmental microbiology
260 _aNew York :
_bWiley,
_cc2002.
300 _a6 v. (xxviii, 3527 p.) :
_bill. (some col.) ;
_c29 cm.
500 _a"A Wiley-Interscience publication."
501 _aH.B
504 _aIncludes bibliographical references and index.
505 0 _av. 1. A-Bi -- v. 2. Bi-En -- v. 3. En-K -- v. 4. L-Pa -- v. 5. Pa-Sp -- v. 6. Sp-Z, index.
650 0 _aMicrobial ecology
_vEncyclopedias.
_97031
650 0 _aSanitary microbiology
_vEncyclopedias.
_97032
856 4 2 _3Publisher description
_uhttp://www.loc.gov/catdir/description/wiley0310/2001026911.html
856 4 1 _3Table of contents
_uhttp://www.loc.gov/catdir/toc/wiley021/2001026911.html
856 4 2 _3Book review (E-STREAMS)
_uhttp://www.e-streams.com/es0603/es0603_2376.html
906 _a7
_bcbc
_corignew
_d1
_eocip
_f19
_gy-gencatlg
942 _2ddc
_cREF
_kIESE